000 00407 a2200109 4500
001 ART_47147
005 20260410162018.0
008 260409a
245 1 0 _aCuando los agresores sexuales son niños y adolescentes. Parentalidad e instituciones
100 1 _aBerlinerblau, Virginia
773 0 _tTemas de derecho de familia, sucesiones y bioética
_g- Año 3, N° 7 (jul. 2018)
_wREV41029
999 _c32848
_d32848